ბათუმის შოთა რუსთაველის სახელმწიფო უნივერსიტეტის ბიბლიოთეკა

საქართველოს ბიბლიოთეკა : (ბიბ.ჩანაწერი № 51828)

000 -LEADER
fixed length control field 00819nam a2200181Ia 4500
001 - CONTROL NUMBER
control field 18824
003 - CONTROL NUMBER IDENTIFIER
control field GE_BSU
005 - DATE AND TIME OF LATEST TRANSACTION
control field 20240320162736.0
008 - FIXED-LENGTH DATA ELEMENTS--GENERAL INFORMATION
fixed length control field 181216c2015||||ge |||||||||||||| ||geo||
022 ## - INTERNATIONAL STANDARD SERIAL NUMBER
International Standard Serial Number 15120880
041 ## - LANGUAGE CODE
Language code of text/sound track or separate title geo
245 ## - TITLE STATEMENT
Title საქართველოს ბიბლიოთეკა :
Remainder of title 2015. კულტურულ-საგანმანათლებლო სამეცნიერო-პოპულარული მეთოდური ჟურნალი /
Statement of responsibility, etc. რედ.: ალექსანდრე ლორია, გურამ თაყნიაშვილი.
260 ## - PUBLICATION, DISTRIBUTION, ETC.
Date of publication, distribution, etc. 2016.
Place of publication, distribution, etc. თბილისი,
300 ## - PHYSICAL DESCRIPTION
Extent V.
653 ## - INDEX TERM--UNCONTROLLED
Uncontrolled term პერიოდიკა
653 ## - INDEX TERM--UNCONTROLLED
Uncontrolled term საქართველოს ბიბლიოთეკა
942 ## - ADDED ENTRY ELEMENTS (KOHA)
Koha item type პერიოდიკა
Source of classification or shelving scheme
ეგზემპლარები
Withdrawn status Lost status Source of classification or shelving scheme Damaged status Not for loan Permanent Location Current Location Shelving location Date acquired Serial Enumeration / chronology Barcode Date last seen Copy number Price effective from Koha item type
          ბათუმის შოთა რუსთაველის სახელმწიფო უნივერსიტეტის მთავარი ბიბლიოთეკა ბათუმის შოთა რუსთაველის სახელმწიფო უნივერსიტეტის მთავარი ბიბლიოთეკა წიგნსაცავი 2018-12-17 №4 (61) 2015 p77330 2018-12-17 77330 2018-12-17 პერიოდიკა